Normal view
MARC view
Entry Personal Name
001 - CONTROL NUMBER
- control field: 1202207
003 - CONTROL NUMBER IDENTIFIER
- control field: OSt
005 - DATE AND TIME OF LATEST TRANSACTION
- control field: 20260324135849.0
008 - FIXED-LENGTH DATA ELEMENTS
- fixed length control field: 260324|| aca||aabn | a|a d
040 ## - CATALOGING SOURCE
- Original cataloging agency: OSt
- Transcribing agency: OSt
100 ## - HEADING--PERSONAL NAME
- Personal name: Henry Spitz; Susan Spitz
670 ## - SOURCE DATA FOUND
- Source citation: Work cat.: (OSt)1803717: Henry Spitz; Susan Spitz, A Pragamatic Approach To Group Psychotherapy
